| 000 | 00656nam a22001937a 4500 | ||
|---|---|---|---|
| 999 |
_c371085 _d371085 |
||
| 008 | 201222b ||||| |||| 00| 0 eng d | ||
| 040 |
_aDE-2950 _bger _cDE-2950 _erda |
||
| 041 | _ager | ||
| 245 |
_a"Smartes" Frankfurt?: _bStadt und Universität starten Umfrage in der Doppelstadt/ _cPM/MM |
||
| 264 | _c2021 | ||
| 653 | _aFrankfurt (Oder) | ||
| 653 | _aDigitale Angebote | ||
| 653 | _aBevölkerungsumfrage | ||
| 773 |
_tMärkischer Markt _dFrankfurt (Oder): Märkisches Verlags- und Druckhaus GmbH & Co. KG _g30. Jahrgang (2021) Nr. 44 vom 03./04.11.2021, S. 1 |
||
| 942 | _cA | ||